000 00562nam a22002057a 4500
003 koha_MIRAKIL
005 20231213100103.0
008 231213b |||||||| |||| 00| 0 ||| d
020 _b978-6-05-374427-6
040 _aTR-IsEVY
_btur
_cTR-IsEVY
082 _aFIC GAR/S
100 _aGarilli, Alessia.
245 0 _aSüpriziyle gelen gelincik
250 _a1. bs.
260 _bFinal Kültür-Sanat Yayınları,
_c2013
300 _a31 s.
650 _aChildren's literature -- Stories.
650 _aÇocuk edebiyatı -- Hikayeler.
942 _2ddc
_cBK
999 _c14294
_d14294